Online katalóg knižníc regiónu Turca

Zazeleňovanie miest a dedín (Record no. 20280)

MARC details
000 -LEADER
fixed length control field 02423cam a2200649 a 4500
001 - CONTROL NUMBER
control field 20280
003 - CONTROL NUMBER IDENTIFIER
control field VRT
005 - DATE AND TIME OF LATEST TRANSACTION
control field 20260120152042.0
008 - FIXED-LENGTH DATA ELEMENTS--GENERAL INFORMATION
fixed length control field 230403s1963 xo oa grn 001 0 slo
015 ## - NATIONAL BIBLIOGRAPHY NUMBER
National bibliography number SNBA1963/08-01694
020 ## - INTERNATIONAL STANDARD BOOK NUMBER
Qualifying information (viazané)
035 ## - SYSTEM CONTROL NUMBER
System control number SK01SNK19630030659
035 ## - SYSTEM CONTROL NUMBER
System control number urn:nbn:sk:snk-am3iu9e
035 ## - SYSTEM CONTROL NUMBER
System control number E32C8CD0-BC05-4B2A-998A-678D47DD0923
035 ## - SYSTEM CONTROL NUMBER
System control number urn:nbn:sk:snk-am00fjbh
035 ## - SYSTEM CONTROL NUMBER
System control number SKM000033122
039 #9 - LEVEL OF BIBLIOGRAPHIC CONTROL AND CODING DETAIL [OBSOLETE]
Level of rules in bibliographic description 202401230857
Level of effort used to assign nonsubject heading access points ssvkbb03
Level of effort used to assign subject headings 202304032017
Level of effort used to assign classification VLOAD
Level of effort used to assign subject headings 202212121240
Level of effort used to assign classification VLOAD
Level of effort used to assign subject headings 202109061542
Level of effort used to assign classification VLOAD
040 ## - CATALOGING SOURCE
Original cataloging agency SNK
Language of cataloging slo
Transcribing agency SNK
Description conventions AACR2
041 0# - LANGUAGE CODE
Language code of text/sound track or separate title slo
044 ## - COUNTRY OF PUBLISHING/PRODUCING ENTITY CODE
MARC country code xo
ISO country code SK
072 #7 - SUBJECT CATEGORY CODE
Subject category code 712
Subject category code subdivision Plánovanie krajiny. Parky. Záhrady
Source konspekt
080 ## - UNIVERSAL DECIMAL CLASSIFICATION NUMBER
Universal Decimal Classification number 712.252
Edition identifier 2011
080 ## - UNIVERSAL DECIMAL CLASSIFICATION NUMBER
Universal Decimal Classification number 005.933.1
Edition identifier 2011
080 ## - UNIVERSAL DECIMAL CLASSIFICATION NUMBER
Universal Decimal Classification number 711.4
Edition identifier 2011
080 ## - UNIVERSAL DECIMAL CLASSIFICATION NUMBER
Universal Decimal Classification number 711.437
Edition identifier 2011
080 ## - UNIVERSAL DECIMAL CLASSIFICATION NUMBER
Universal Decimal Classification number (048.8)
Edition identifier 011
100 1# - MAIN ENTRY--PERSONAL NAME
Personal name Glaus, Alexander,
Dates associated with a name 1929-1992
Relationship aut
245 10 - TITLE STATEMENT
Title Zazeleňovanie miest a dedín
Statement of responsibility, etc. Alex. Glaus, Gustáv Čejka, Bohdan Wagner, Eduard Galuszka
250 ## - EDITION STATEMENT
Edition statement Vydanie prvé
260 ## - PUBLICATION, DISTRIBUTION, ETC.
Place of publication, distribution, etc. Bratislava
Name of publisher, distributor, etc. Slovenské vydavateľstvo pôdohospodárskej literatúry
Date of publication, distribution, etc. 1963
Place of manufacture Martin
Manufacturer Tlačiarne SNP
300 ## - PHYSICAL DESCRIPTION
Extent 541 strán, 8 nečíslovaných listov obrazových príloh
Other physical details fotografie (niektoré farebné), ilustrácie
Dimensions 25 cm
366 ## - TRADE AVAILABILITY INFORMATION
Note 4000 kusov
490 1# - SERIES STATEMENT
Series statement Knižnica novej dediny
Volume/sequential designation zväzok 2
504 ## - BIBLIOGRAPHY, ETC. NOTE
Bibliography, etc. note Bibliografia na strane 514 ; vecný a menný register ; zoznam slovenských názvov rastlín ; zoznam latinských názvov rastlín
650 07 - SUBJECT ADDED ENTRY--TOPICAL TERM
Topical term or geographic name entry element verejná zeleň
Source of heading or term SNKPH
650 07 - SUBJECT ADDED ENTRY--TOPICAL TERM
Topical term or geographic name entry element projektovanie
Source of heading or term SNKPH
650 07 - SUBJECT ADDED ENTRY--TOPICAL TERM
Topical term or geographic name entry element mestá
Source of heading or term SNKPH
650 07 - SUBJECT ADDED ENTRY--TOPICAL TERM
Topical term or geographic name entry element dediny
Source of heading or term SNKPH
650 07 - SUBJECT ADDED ENTRY--TOPICAL TERM
Topical term or geographic name entry element Towns
Source of heading or term SNKPHeng
650 07 - SUBJECT ADDED ENTRY--TOPICAL TERM
Topical term or geographic name entry element Villages
Source of heading or term SNKPHeng
650 07 - SUBJECT ADDED ENTRY--TOPICAL TERM
Topical term or geographic name entry element Urban plants
Source of heading or term SNKPHeng
650 07 - SUBJECT ADDED ENTRY--TOPICAL TERM
Topical term or geographic name entry element Project planning
Source of heading or term SNKPHeng
655 #7 - INDEX TERM--GENRE/FORM
Genre/form data or focus term monografie
Source of term SNKPH
655 #7 - INDEX TERM--GENRE/FORM
Genre/form data or focus term Monographs
Source of term SNKPHeng
700 1# - ADDED ENTRY--PERSONAL NAME
Personal name Čejka, Gustáv,
Dates associated with a name 1914-1999
Relationship aut
700 1# - ADDED ENTRY--PERSONAL NAME
Personal name Wagner, Bohdan,
Dates associated with a name 1919-2012
Relationship aut
700 1# - ADDED ENTRY--PERSONAL NAME
Personal name Galuszka, Edvard,
Dates associated with a name 1922-2005
Relationship aut
830 #0 - SERIES ADDED ENTRY--UNIFORM TITLE
Uniform title Knižnica novej dediny
910 ## - USER-OPTION DATA (OCLC)
User-option data snk
942 ## - ADDED ENTRY ELEMENTS (KOHA)
Source of classification or shelving scheme Dewey Decimal Classification
Koha item type Odborná literatúra pre dospelých
Suppress in OPAC No
949 ## - LOCAL PROCESSING INFORMATION (OCLC)
6 17A0466863
a snkSC 17855 D1
b snkKSP 3084/63
q rekatalogizácia
949 ## - LOCAL PROCESSING INFORMATION (OCLC)
6 273K0208574
a svkpoB 24605
b svkpo105903
949 ## - LOCAL PROCESSING INFORMATION (OCLC)
6 270001000612359
a svkbbS 59073
b svkbbm 109046
949 ## - LOCAL PROCESSING INFORMATION (OCLC)
6 2889031220
a savukS 14150
949 ## - LOCAL PROCESSING INFORMATION (OCLC)
6 17A0882757
a snkSC 17855
b snkKSP 3083/63
s 6100:20201021
Holdings
Stav vyradenia Strata Poškodenie Spôsob nadobudnutia Domovská knižnica Aktuálna knižnica Dátum nadobudnutia Total checkouts Čiarový kód exemplára Date last seen Typ exemplára
      Dar Obecná knižnica Horná Štubňa Obecná knižnica Horná Štubňa 20.01.2026   4736200309 20.01.2026 Odborná literatúra pre dospelých
Projekt je podporený Slovenskou asociáciou knižníc
Prevádzkuje Turčianska knižnica Martin 2026